000
00316nam a2200121Ia 4500
008
240624s9999 xx 000 0 und d
041
_a
eng
082
_a
658.4092 RAT
100
_a
RATH TOM
245
_a
STRENGHS BASED LEADERSHIP GREAT LEADERS
260
_c
2011
_a
New York
_b
Gallup Press
300
_a
266 p.; 20 cm.
999
_c
30888
_d
30888